000 00892cam a22002894a 4500
020 _a9780754679103 (hardback : alk. paper)
020 _a0754679101 (hardback : alk. paper)
020 _a9780754698029 (ebk)
020 _a0754698025 (ebk)
040 _cDLC
082 0 0 _a610 ASH 2010 A054 Or.
245 0 0 _aAbjectly boundless :
_bboundaries, bodies and health work /
260 _aFarnham, Surrey ;
_aBurlington, VT :
_bAshgate Pub.,
_cc2010.
300 _axvi, 285 p. :
_bill. ;
_c25 cm.
650 0 _aMedical personnel and patient.
650 0 _aMedical personnel
650 0 _aSocial medicine.
650 0 _aMedical anthropology.
650 1 2 _aAttitude of Health Personnel.
650 2 2 _aAttitude to Health.
650 2 2 _aBurnout, Professional.
650 2 2 _aHuman Body.
650 2 2 _aPatient Care
700 1 _aRudge, Trudy.
700 1 _aHolmes, Dave,
942 _cEK
999 _c15171
_d15171